The Only Remaining Lake - Statistics

General Stats
  • This quiz has been taken 7 times
  • The average score is 8 of 20
Answer Stats
The only remaining top 20 lake that... Answer % Correct
Is larger than 90% of US States Caspian Sea
86%
Shares its name with a US State Lake Michigan
71%
Borders the state of New York Lake Ontario
71%
Is one of the five largest lakes in the world Lake Superior
71%
Is in South America Lake Titicaca
71%
Has a depth greater than one mile Lake Baikal
57%
Is in Africa Lake Tanganyika
57%
Is the source of a river with a length of over 3000 miles Lake Victoria
57%
Is a North American Great Lake Lake Erie
43%
Is in Europe Lake Onega
43%
Includes land above the Arctic Circle Great Bear Lake
29%
Is part of the same lake as a lake on this list Lake Huron
29%
Was important in World War II Lake Ladoga
29%
Borders at least four different countries Lake Malawi
29%
Is in Antarctica Lake Vostok
29%
Has a maximum depth over 1000 feet Great Slave Lake
14%
Is one of the 20 largest lakes Lake Athabasca
14%
Is saline Lake Balkhash
14%
Borders a Spanish speaking country Lake Nicaragua
14%
Has a drainage area larger than Texas Lake Winnipeg
14%
No matching quizzes found
Score Distribution
Percent of People with Each Score
Percentile by Number Answered
Your Score History
You have not taken this quiz